All Time Yankees Lineup - Statistics

General Stats
  • This quiz has been taken 66 times
  • The average score is 12 of 18
Answer Stats
Hint Answer % Correct
DH Babe Ruth
97%
SS Derek Jeter
97%
RP Goose Gossage
95%
CF Mickey Mantle
93%
3B Alex Rodriguez
88%
Bench Yogi Berra
88%
RP Mariano Rivera
83%
Bench Aaron Judge
80%
RF Joe Dimaggio
78%
C Jorge Posada
75%
SP (LHP) Whitey Ford
75%
2B Robinson Cano
63%
SP (LHP) CC Sabathia
57%
Bench Don Mattingly
57%
Bench Bernie Williams
50%
SP (LHP) Andy Pettite
35%
LF Brett Gardner
22%
1B Lou Gherig
13%
No matching quizzes found
Score Distribution
Percent of People with Each Score
Percentile by Number Answered
Your Score History
You have not taken this quiz